|
|
|
|
| LEADER |
00000naa2a2200000 4500 |
| 001 |
125995 |
| 005 |
20231031131705.0 |
| 035 |
|
|
|a (RuTPU)RU\TPU\book\136316
|
| 090 |
|
|
|a 125995
|
| 100 |
|
|
|a 20071122d2007 k y0rusy50 ca
|
| 101 |
0 |
|
|a rus
|
| 102 |
|
|
|a RU
|
| 200 |
1 |
|
|a Традиции НИРС в институте геологии и нефтегазового дела. Научные достижения студентов-геологов-политехников
|f Г. М. Иванова
|
| 461 |
|
0 |
|0 (RuTPU)RU\TPU\book\132777
|t Проблемы геологии и освоения недр
|o труды X Международного симпозиума имени академика М. А. Усова студентов и молодых ученых, посвященного 100-летию первого выпуска сибирских инженеров и 110-летию основания ТПУ; г. Томск, 3-8 апреля 2006 г.
|f Томский политехнический университет (ТПУ); Институт геологии и нефтегазового дела; под ред. В. А. Домаренко
|d 2007
|
| 463 |
|
0 |
|0 (RuTPU)RU\TPU\book\93780
|t Т. 1
|v С. 22-27
|d 2007
|p 294 с.
|
| 601 |
0 |
2 |
|a Томский политехнический университет (ТПУ)
|b Институт геологии и нефтегазового дела (ИГНД)
|2 stltpush
|3 (RuTPU)RU\TPU\col\601
|
| 610 |
1 |
|
|a научно-исследовательская работа
|
| 610 |
1 |
|
|a геология
|
| 610 |
1 |
|
|a история
|
| 610 |
1 |
|
|a НИРС
|
| 610 |
1 |
|
|a студенты
|
| 610 |
1 |
|
|a нефтегазовое дело
|
| 610 |
1 |
|
|a труды учёных ТПУ
|
| 700 |
|
1 |
|a Иванова
|b Г. М.
|
| 801 |
|
1 |
|a RU
|b 63413507
|c 20071122
|g PSBO
|
| 801 |
|
2 |
|a RU
|b 63413507
|c 20100412
|g RCR
|
| 942 |
|
|
|c BK
|